000 00532nam a2200229Ia 4500
003 OSt
005 20220924142743.0
006 a|||||r|||| 00| 0
007 ta
008 ASM
024 _a303184
037 _cTextual
040 _aARTS
_cARTS
_bASM
041 _2ASM
_aASM
082 _aa3158.N7, 158L2
100 _aGagoi Lila
_9214007
245 0 _aAsamiya granthapanji
260 _c1972
650 _aBIBLIOGRAPHY
942 _ha3158.N7, 158L2
_cTEXL
_2CC
999 _c451847
_d451847